| Tag |
First Indicator |
Second Indicator |
Subfields |
| LEADER |
00000cam a2200000La 4500 |
| 001 |
in00002318607 |
| 005 |
20190326193827.0 |
| 006 |
m | d | |
| 007 |
cr |n||||||||n |
| 008 |
890309s1701 fr s f000 0 fre d |
| 040 |
|
|
|a GKS
|c GKS
|d OCL
|d Thomson Gale
|d UtOrBLW
|
| 043 |
|
|
|a e-fr---
|
| 110 |
1 |
|
|a France.
|
| 245 |
1 |
0 |
|a Declaration du roy portant que la visite et marque à laquelle tous les chapeaux fabriquez dans le royaume ont esté assujettis par l'edit du mois d'avril 1690 seront & demeureront supprimées :
|b à commencer au premier janvier prochain : donnée à Versailles le 20 decembre 1701.
|
| 264 |
|
1 |
|a [Paris] :
|b De l'imprimerie de Frederic Leonard ...,
|c [1701]
|
| 300 |
|
|
|a 4 pages
|
| 336 |
|
|
|a text
|b txt
|2 rdacontent
|
| 337 |
|
|
|a computer
|b c
|2 rdamedia
|
| 338 |
|
|
|a online resource
|b cr
|2 rdacarrier
|
| 500 |
|
|
|a Caption title; imprint from colophon.
|
| 500 |
|
|
|a Place and date of publication from Goldsmiths' Lib. cat.
|
| 500 |
|
|
|a Reproduction of original from Goldsmiths' Library, University of London.
|
| 500 |
|
|
|a Goldsmiths'-Kress number 03772.
|
| 510 |
4 |
|
|a OCLC,
|c 20883125
|
| 533 |
|
|
|a Electronic reproduction.
|b Farmington Hills, Mich. :
|c Thomson Gale,
|d 2005.
|f (The making of the modern world).
|n Available via the World Wide Web.
|n Access limited to licensing agreements.
|7 s2005 miunns
|
| 500 |
|
|
|a Electronic resource.
|
| 650 |
|
0 |
|a Hats
|z France
|v Early works to 1800.
|
| 655 |
|
0 |
|a Electronic books.
|
| 710 |
1 |
|
|a France.
|b Sovereign (1643-1715 : Louis XIV)
|
| 830 |
|
0 |
|a Making of the modern world (Goldsmiths'-Kress Library of Economic Literature)
|
| 856 |
4 |
0 |
|u http://proxy.library.tamu.edu/login?url=http://galenet.galegroup.com/servlet/MOME?af=RN&ae=U100396697&srchtp=a&ste=14&locID=txshracd2898
|z Connect to the full text of this electronic book
|t 0
|
| 999 |
|
|
|a MARS
|
| 999 |
f |
f |
|s a5ca764d-1ec4-37fd-930f-7788287c5496
|i 2e22ce0e-b786-37dc-b2cd-fd0745897149
|t 0
|
| 952 |
f |
f |
|a Texas A&M University
|b College Station
|c Electronic Resources
|d Available Online
|t 0
|h No information provided
|
| 998 |
f |
f |
|t 0
|l Available Online
|